01437nam a2200349Ia 4500001001200000003000800012006001900020007001500039008004100054010001700095020001500112020001800127020001800145040002100163035002100184050002500205100002900230245010200259250002200361260006700383300004000450504005100490533015200541610004400693651002800737651006100765651007200826655002900898710001700927856012600944999001701070ebr10554054CaPaEBRm u cr cn|||||||||070122t20072006lauabc sb s001 0 eng d z 2004000584 z0807131911 z9780807131916 z9780807148181 aCaPaEBRcCaPaEBR a(OCoLC)79449098314aE470.5b.D355 2007eb1 aDaniel, Larry J.,d1947-10aDays of gloryh[electronic resource] :bthe Army of the Cumberland, 1861-1865 /cLarry J. Daniel. aLouisiana pbk ed. aBaton Rouge :bLouisiana State University Press,c2007, c2006. axviii, 490 p. :bill., maps, ports. aIncludes bibliographical references and index. aElectronic reproduction.bPalo Alto, Calif. :cebrary,d2013.nAvailable via World Wide Web.nAccess may be limited to ebrary affiliated libraries.10aUnited States.bArmy of the Cumberland. 0aUnited StatesxHistory. 0aUnited StatesxHistoryyCivil War, 1861-1865xCampaigns. 0aUnited StatesxHistoryyCivil War, 1861-1865xRegimental histories. 7aElectronic books.2local2 aebrary, Inc.40uhttp://site.ebrary.com/lib/rucke/Doc?id=10554054zAn electronic book accessible through the World Wide Web; click to view c90917d90917